1354 1317 1931 1709 1978 1763 1129 1432 1991 1091 1958 1121 1272 1913 1345 1257 1669 1560 1150 1835 1764 1069 1938 1101 1345 1513 1196 1061 1736 1905 1554 1781 1736 1822 1610 1013 1253 1266 1584 1119 1561 1231 1267 1226 1266 1084 1292 1042 1205 1916 1521 1188 1012 1966 1824 1526 1717 1142 1050 1988 1500 1136 1936 1822 1042 1957 1666 1337 1600 1274 1387 1809 1557 1087 1320 1924 1146 1614 1237 1222 1172 1844 1324 1517 1483 1348 1591 1974 1107 1756 1135 1249 1740 1363 1298 1257 1765 1309 1281 BCNSPRNW ULIB Ver.6.0+V

เปลี่ยนเป็นภาษาไทย

Change to English
 แสดงรายละเอียดบรรณานุกรม
  กลับหน้าหลัก

Brief Record : Get Marc (ISO 2709) : E-mail record : QR code < ปิดหน้าต่าง
LEADER : 00000nam 2200000uu 4500
001    13399123115
003     ULIB
008    140224s2556||||th 000 0 tha d
020    ^a9786161116415
060  0 ^aWY100^bก469
110    ^aสำนักการพยาบาล สำนักงานปลัดกระทรวง
245    ^aแนวทางการจัดบริการพยาบาลเพื่อการปฏิบัติการพยาบาลขั้นสูง^cสำนักการพยาบาล สำนักงานปลัดกระทรวง
260    ^aนนทบุรี :^bเทพเพ็ญวานิสย์,^c2556
300    ^a92 หน้า
500    ^aความเป็นมาและความสำคัญของการพัฒนาแนวทางการจัดบริการพยาบาล วัตถุประสงค์ของแนวทางการจัดบริการพยาบาลเพื่การปกิบัติการพยาบาลขั้นสูง ข้อตกลงเบื้องต้นของการนำแนวทางการจัดบริการพยาบาลเพื่อการปฏิบัติการพยาบาลขั้นสุงไปสู่การปฏิบัติ ประโยชน์ที่จะได้รับจากการนำแนวทางการจัดบริการพยาบาลเพื่อการปฏิบัติการพยาบาลขั้นสูงไปสุ่การปกิบัติแนวคิดการจัดบริการพยาบาลเพื่อการปฏิบัติการพยาบาลขั้นสูง
650    ^aการจัดบริการพยาบาล^xปฏิบัติการพยาบาลขั้นสูง
945    ^p0^l0^i034382
945    ^p0^l0^i034383
999    ^aเกษร โพธิ์สุวรรณ
รายการนี้ยังไม่มีแท็ก
คุณยังไม่ได้ล็อกอิน คุณสามารถมีกิจกรรมร่วมกับเว็บไซต์ได้ แต่ต้องล็อกอินก่อน ::
  ล็อกอิน

รายการสื่อสารสนเทศ

ลำดับที่ ประเภท เลขเรียก/บาร์โค้ด สถานที่ สถานะ
1. Book การพยาบาล
หนังสือสำรอง
สถานะ=หนังสือสำรอง
WY100 ก469 ฉ.1 
  Barcode: 034382
ห้องสมุดวิทยาเขตสวรรค์ประชารักษ์
►ส่วนจัดเก็บหนังสือเก่า สปร
บนชั้น
  ขอยืม
2. Book การพยาบาล
Book การพยาบาล
WY100 ก469 ฉ.2 
  Barcode: 034383
ห้องสมุดวิทยาเขตสวรรค์ประชารักษ์
►ส่วนจัดเก็บหนังสือเก่า สปร
บนชั้น
  ขอยืม

BibComment


ยังไม่เคยถูกคอมเมนท์

คอมเมนท์ทรัพยากรรายการนี้
  คอมเมนท์: แนวทางการจัดบริก..


 Copyright 2026. Bcnsprnw @Library